000 00535nam a22001697a 4500
003 MACL
005 20160409135140.0
008 160409b xxu||||| |||| 00| 0 eng d
040 _cMACL
041 _aHindi
082 _a500
100 _aसालवी दिलीप एम
_950894
245 _a1000 विज्ञान प्रश्‍नोत्‍तरी
260 _aनई दिल्‍ली
_bसत्‍साहित्‍य प्रकाशन
650 _aPure Science
_951352
942 _2ddc
_cHIN
999 _c53745
_d53745